<?xml version="1.0" encoding="UTF-8"?>
<record
    xmlns:xsi="http://www.w3.org/2001/XMLSchema-instance"
    xsi:schemaLocation="http://www.loc.gov/MARC21/slim http://www.loc.gov/standards/marcxml/schema/MARC21slim.xsd"
    xmlns="http://www.loc.gov/MARC21/slim">

  <leader>02071nam a2200397   4500</leader>
  <controlfield tag="001">174571</controlfield>
  <controlfield tag="003">ES-MaACL</controlfield>
  <controlfield tag="005">20251114103310.0</controlfield>
  <controlfield tag="008">100506s1990    ck           |||| |dspa d</controlfield>
  <datafield tag="020" ind1=" " ind2=" ">
    <subfield code="a">958-643-000-6</subfield>
  </datafield>
  <datafield tag="080" ind1=" " ind2=" ">
    <subfield code="a">929 Torres, Manuel</subfield>
  </datafield>
  <datafield tag="080" ind1=" " ind2=" ">
    <subfield code="a">327(861:73)"1810/1831"(093)</subfield>
  </datafield>
  <datafield tag="080" ind1=" " ind2=" ">
    <subfield code="a">327(73:861)"1810/1831"(093)</subfield>
  </datafield>
  <datafield tag="080" ind1=" " ind2=" ">
    <subfield code="a">986.1"19"(093)</subfield>
  </datafield>
  <datafield tag="245" ind1="0" ind2="3">
    <subfield code="a">La Gran Colombia y los Estados Unidos de Am&#xE9;rica </subfield>
    <subfield code="b">: relaciones diplom&#xE1;ticas, 1810-1831 / </subfield>
    <subfield code="c">[compiladores, Luis Horacio L&#xF3;pez Dom&#xED;nguez, Nicol&#xE1;s Garc&#xED;a Samudio] ; pr&#xF3;logo, Julio Londo&#xF1;o Paredes.</subfield>
  </datafield>
  <datafield tag="250" ind1=" " ind2=" ">
    <subfield code="a">1&#xAA; ed.</subfield>
  </datafield>
  <datafield tag="260" ind1=" " ind2=" ">
    <subfield code="a">Bogot&#xE1; : </subfield>
    <subfield code="b">Fundaci&#xF3;n Francisco de Paula Santander, </subfield>
    <subfield code="c">1990.</subfield>
  </datafield>
  <datafield tag="300" ind1=" " ind2=" ">
    <subfield code="a">2 v. ; </subfield>
    <subfield code="c">24 cm.</subfield>
  </datafield>
  <datafield tag="490" ind1="1" ind2=" ">
    <subfield code="a">Biblioteca Presidencia de la Rep&#xFA;blica. </subfield>
    <subfield code="a">Documentos ; </subfield>
    <subfield code="v">68-69</subfield>
  </datafield>
  <datafield tag="500" ind1=" " ind2=" ">
    <subfield code="a">&#xCD;ndices.</subfield>
  </datafield>
  <datafield tag="504" ind1=" " ind2=" ">
    <subfield code="a">Bibliograf&#xED;a: v. 2, p. 348-350.</subfield>
  </datafield>
  <datafield tag="505" ind1="0" ind2=" ">
    <subfield code="a">v. 1, 1&#xAA; parte: Cap&#xED;tulos de historia diplom&#xE1;tica, 1810-1831 / Nicol&#xE1;s Garc&#xED;a Samudio -  v. 1, 2&#xAA; parte: Documentos relativos a las relaciones entre la Gran Colombia y los Estados Unidos de Am&#xE9;rica, 1819-1831. &#xCD;ndices. Cronolog&#xED;a -  v. 2: [Documentos... (continuaci&#xF3;n)]. &#xCD;ndices. Fuentes y bibliograf&#xED;a. Cronolog&#xED;a.</subfield>
  </datafield>
  <datafield tag="594" ind1=" " ind2=" ">
    <subfield code="a">Precede al t&#xED;t.: Fundaci&#xF3;n para la Conmemoraci&#xF3;n del Bicentenario del Natalicio y el Sesquicentenario de la Muerte del General Francisco de Paula Santander.</subfield>
  </datafield>
  <datafield tag="600" ind1="1" ind2="7">
    <subfield code="a">Torres, Manuel, </subfield>
    <subfield code="d">1764-1822</subfield>
    <subfield code="2"></subfield>
    <subfield code="9">142736</subfield>
  </datafield>
  <datafield tag="600" ind1="1" ind2="4">
    <subfield code="a">Santander, Francisco de Paula.</subfield>
    <subfield code="9">142712</subfield>
  </datafield>
  <datafield tag="651" ind1=" " ind2="4">
    <subfield code="a">Colombia-</subfield>
    <subfield code="x">Relaciones-</subfield>
    <subfield code="z">Estados Unidos.</subfield>
    <subfield code="9">142737</subfield>
  </datafield>
  <datafield tag="651" ind1=" " ind2="4">
    <subfield code="a">Estados Unidos-</subfield>
    <subfield code="x">Relaciones-</subfield>
    <subfield code="z">Colombia.</subfield>
    <subfield code="9">142738</subfield>
  </datafield>
  <datafield tag="651" ind1=" " ind2="7">
    <subfield code="a">Colombia-</subfield>
    <subfield code="x">Historia-</subfield>
    <subfield code="y">1810-1822, Guerra de la Independencia.</subfield>
    <subfield code="9">8075</subfield>
  </datafield>
  <datafield tag="651" ind1=" " ind2="4">
    <subfield code="a">Gran Colombia-</subfield>
    <subfield code="x">Historia.</subfield>
    <subfield code="9">171073</subfield>
  </datafield>
  <datafield tag="700" ind1="1" ind2=" ">
    <subfield code="a">L&#xF3;pez Dom&#xED;nguez, Luis Horacio.</subfield>
    <subfield code="9">142739</subfield>
  </datafield>
  <datafield tag="700" ind1="1" ind2=" ">
    <subfield code="a">Londo&#xF1;o Paredes, Julio.</subfield>
    <subfield code="9">142740</subfield>
  </datafield>
  <datafield tag="700" ind1="1" ind2=" ">
    <subfield code="a">Garc&#xED;a Samudio, Nicol&#xE1;s.</subfield>
    <subfield code="9">142741</subfield>
  </datafield>
  <datafield tag="830" ind1="1" ind2="0">
    <subfield code="a">Biblioteca Presidencia de la Rep&#xFA;blica </subfield>
    <subfield code="v">68-69</subfield>
    <subfield code="9">223702</subfield>
  </datafield>
  <datafield tag="852" ind1=" " ind2=" ">
    <subfield code="a">ES-MaACL</subfield>
    <subfield code="j">C-57198-99</subfield>
  </datafield>
  <datafield tag="999" ind1=" " ind2=" ">
    <subfield code="c">174571</subfield>
    <subfield code="d">174571</subfield>
  </datafield>
  <datafield tag="952" ind1=" " ind2=" ">
    <subfield code="0">0</subfield>
    <subfield code="1">0</subfield>
    <subfield code="4">0</subfield>
    <subfield code="7">0</subfield>
    <subfield code="a">ATENEOM</subfield>
    <subfield code="b">ATENEOM</subfield>
    <subfield code="c">DEPO2</subfield>
    <subfield code="d">2010-05-06</subfield>
    <subfield code="e">DON</subfield>
    <subfield code="l">0</subfield>
    <subfield code="o">C-57198-99</subfield>
    <subfield code="p">1183257</subfield>
    <subfield code="r">2023-02-23 00:00:00</subfield>
    <subfield code="w">2023-02-23</subfield>
    <subfield code="y">MONOGRAFIA</subfield>
  </datafield>
</record>
